Iglesias de México (Record no. 5329)

MARC details
000 -CABECERA
campo de control de longitud fija 00775nam a2200229 a 4500
001 - NÚMERO DE CONTROL
campo de control BRCA_5635
005 - FECHA Y HORA DE LA ÚLTIMA TRANSACCIÓN
campo de control 20190320205149.0
008 - DATOS DE LONGITUD FIJA--INFORMACIÓN GENERAL
campo de control de longitud fija 210211t1924----mx-ao#####---#000-0#spa-#
041 ## - CÓDIGO DE LENGUA
Código de lengua del texto/banda sonora o título independiente spa
044 ## - CÓDIGO DEL PAÍS DE LA ENTIDAD EDITORA/PRODUCTORA
Código MARC del país mx
050 #4 - SIGNATURA TOPOGRÁFICA DE LA BIBLIOTECA DEL CONGRESO
Número de clasificación NA5257.M4
Número de documento/Ítem .I45 2 1924
245 10 - MENCIÓN DE TÍTULO
Título Iglesias de México
Resto del título v.2. Catedral
Mención de responsabilidad, etc. texto de Manuel Touissaint ; texto y dibujos del Dr. Atl ; fotografías de Kahlo.
260 ## - PUBLICACIÓN, DISTRIBUCIÓN, ETC.
Lugar de publicación, distribución, etc. México
Nombre del editor, distribuidor, etc. Cultura
Fecha de publicación, distribución, etc. 1924
300 ## - DESCRIPCIÓN FÍSICA
Extensión 101 p.
Otras características físicas il., 129 láminas, fotografías
Dimensiones 42 cm.
500 ## - NOTA GENERAL
Nota general Ver también F112 (v.1), F114 (v.3), F115 (v.4), F116 (v.5), F117 (v.6) y N.S. 177 (6 v.)
500 ## - NOTA GENERAL
Nota general F113
650 14 - PUNTO DE ACCESO ADICIONAL DE MATERIA--TÉRMINO DE MATERIA
Término de materia o nombre geográfico como elemento de entrada Iglesias
Subdivisión geográfica México
9 (RLIN) 4471
650 14 - PUNTO DE ACCESO ADICIONAL DE MATERIA--TÉRMINO DE MATERIA
Término de materia o nombre geográfico como elemento de entrada Arquitectura religiosa
Subdivisión geográfica México
9 (RLIN) 24
700 1# - PUNTO DE ACCESO ADICIONAL--NOMBRE DE PERSONA
Nombre de persona Touissant, Manuel
9 (RLIN) 14344
902 ## - CATALOGADOR
Iniciales GFM
942 ## - ELEMENTOS DE PUNTO DE ACCESO ADICIONAL (KOHA)
Fuente del sistema de clasificación o colocación Library of Congress Classification
Tipo de ítem Koha Libros
Holdings
Estado de retiro Estado de pérdida Estado dañado No para préstamo Localización permanente Ubicación/localización actual Fecha de adquisición Número de inventario Total de préstamos Signatura topográfica completa Código de barras Fecha visto por última vez Precio válido a partir de Tipo de ítem Koha
El ejemplar forma parte de la colección y puede ser consultado según las políticas vigentes.       Biblioteca del Museo Franz Mayer (Rogerio Casas-Alatriste) Biblioteca del Museo Franz Mayer (Rogerio Casas-Alatriste) 15/02/2011 F113   NA5257.M4 .I45 2 1924 (F113) 6071 22/03/2019 22/03/2019 Libros